000 01345cam a22002174a 4500
005 20250605164010.0
008 250528s ||||||||||||||||||||||||d
035 _a15924
020 _a131264842
040 _aGR-AtMCL
_bgre
_dGR-AtMCL
_eAACR2
245 1 _aPrinciples of Inventory and Materials Management / Fourth Edition
250 _a4th
260 _bPrentice Hall,
_c1994
300 _a592
505 0 _aPreface, Introduction, Inventory, Types of Inventory, Organizational Categories and Inventory Problems, Functions of Inventory, Inventory Problem Classifications, Properties of Inventory, Inventory Costs, Cost Accumulation Profile, Conflicting Goals, The Inventory Flow Cycle, Financial Considerations, Product Positioning Strategies, Just-in-Time, Business Cycle Influence, Conclusion, Questions, Cases.
520 _aPreface, Introduction, Inventory, Types of Inventory, Organizational Categories and Inventory Problems, Functions of Inventory, Inventory Problem Classifications, Properties of Inventory, Inventory Costs, Cost Accumulation Profile, Conflicting Goals, The Inventory Flow Cycle, Financial Considerations, Product Positioning Strategies, Just-in-Time, Business Cycle Influence, Conclusion, Questions, Cases.
700 1 _aTersine J. Richard
_91955
942 _cBK
999 _c1472
_d1472